[Event "C.to Provinciale PD-RO"]
[Site "Monselice ITA"]
[Date "2009.01.09"]
[Round "1"]
[White "Dal Bianco, Nicola"]
[Black "Belloni, Umberto"]
[Result "0-1"]
[WhiteElo "1566"]
[BlackElo "1878"]
[PlyCount "118"]
[EventDate "2009.01.09"]

1. c4 f5 2. d4 Nf6 3. Nc3 e6 4. Nf3 Be7 5. Be3 O-O 6. h3 Bb4 7. a3 Bxc3+ 8.
bxc3 Ne4 9. Qc2 d6 10. Nd2 Nxd2 11. Bxd2 Qf6 12. g3 Nd7 13. Bg2 e5 14. e3 Kh8
15. O-O Qh6 16. a4 Nf6 17. f4 e4 18. Kf2 Qg6 19. Rg1 c6 20. d5 c5 21. a5 Bd7
22. Rab1 Rab8 23. Ke2 Qh5+ 24. Kf2 Qg6 25. Rh1 Rfe8 26. Rbg1 b6 27. axb6 Rxb6
28. Bf1 Reb8 29. Bc1 a5 30. Be2 a4 31. Qd1 Rb1 32. g4 a3 33. gxf5 Qh6 34. Qc2
Qh4+ 35. Rg3 R1b2 36. Bxb2 Rxb2 37. Qc1 Nh5 38. Rhg1 Nxg3 39. Rxg3 Rxe2+ 40.
Kxe2 Qxg3 41. Qxa3 Qf3+ 42. Kd2 Qf2+ 43. Kd1 Qf1+ 44. Kc2 Qd3+ 45. Kb2 Qd2+ 46.
Kb3 Qd1+ 47. Ka2 Qa4 48. Kb2 Qxa3+ 49. Kxa3 Kg8 50. h4 Kf7 51. Kb2 Kf6 52. Kc2
Kxf5 53. Kd2 Kg4 54. Ke2 Kxh4 55. Kf2 Kh3 56. Kg1 Kg3 57. Kh1 Kf3 58. Kh2 Kxe3
59. Kg3 Bf5 0-1

[Event "C.to Provinciale PD-RO"]
[Site "Monselice ITA"]
[Date "2009.01.09"]
[Round "1"]
[White "De Marchi, Alessandro"]
[Black "Temporin, Alberto"]
[Result "0-1"]
[WhiteElo "1687"]
[BlackElo "2005"]
[PlyCount "86"]
[EventDate "2009.01.09"]

1. e4 e5 2. Nf3 d6 3. d4 exd4 4. Nxd4 Be7 5. Bc4 Bd7 6. O-O Nf6 7. Nc3 Nc6 8.
Nxc6 Bxc6 9. Bb5 Bxb5 10. Nxb5 Nxe4 11. Re1 Nc5 12. Bg5 Ne6 13. Bxe7 Qxe7 14.
Nd4 O-O 15. Nxe6 fxe6 16. Qg4 Rae8 17. Re2 b6 18. Rae1 e5 19. Qc4+ Qf7 20. Qa6
Qd5 21. c4 Qc6 22. h3 Rf6 23. Kh2 Ref8 24. f3 Rg6 25. Re4 Qd7 26. Qb5 Qxb5 27.
cxb5 Rgf6 28. Rc1 Rc8 29. Ra4 d5 30. Rxa7 c6 31. bxc6 Rcxc6 32. Rc7 Rxc1 33.
Rxc1 Kf7 34. Rd1 Rd6 35. Kg3 Ke6 36. Kf2 Rc6 37. Rd2 d4 38. Ke2 Kd5 39. Kd3 Rc1
40. a3 g6 41. Ke2 Kc4 42. Kf2 Kb3 43. Re2 Rc2 0-1

[Event "C.to Provinciale PD-RO"]
[Site "Monselice ITA"]
[Date "2009.01.09"]
[Round "1"]
[White "Meggiorin, Orlando"]
[Black "Fragni, Enrico"]
[Result "0-1"]
[WhiteElo "1499"]
[BlackElo "1769"]
[PlyCount "97"]
[EventDate "2009.01.09"]

1. e4 c6 2. Nf3 d6 3. d4 Bg4 4. Nbd2 e5 5. c3 Nf6 6. h3 Bh5 7. Be2 h6 8. dxe5
dxe5 9. Nxe5 Bxe2 10. Qxe2 Bd6 11. Nef3 Bc7 12. O-O Nbd7 13. b4 O-O 14. Nd4 Re8
15. f3 Bb6 16. Nc4 Ne5 17. Be3 Nxc4 18. Qxc4 Re5 19. Bf2 Nh5 20. Ne2 Rc8 21.
Rad1 Bxf2+ 22. Kxf2 Qb6+ 23. Qd4 Qc7 24. Qd6 Qb6+ 25. Rd4 Rce8 26. Rfd1 a5 27.
g4 Nf6 28. Kg3 axb4 29. Qxb4 Qa6 30. R1d2 c5 31. Qb2 cxd4 32. cxd4 Rb5 33. Qc2
g5 34. d5 Qd6+ 35. Kg2 Rc5 36. Qb2 b5 37. Ng3 Qe5 38. Qxe5 Rxe5 39. Nf5 h5 40.
d6 hxg4 41. hxg4 Nd7 42. Kf2 Kf8 43. Rb2 Ke8 44. Kg3 Nb6 45. Rh2 Nc8 46. Rd2
Kd7 47. Nh6 Nxd6 48. Nxf7 Re6 49. Nxg5 0-1

[Event "C.to Provinciale PD-RO"]
[Site "Monselice ITA"]
[Date "2009.01.09"]
[Round "1"]
[White "Rosina, Graziano"]
[Black "Schoonhoven, Edger"]
[Result "0-1"]
[WhiteElo "1805"]
[BlackElo "1518"]
[PlyCount "126"]
[EventDate "2009.01.09"]

1. Nf3 Nf6 2. d4 e6 3. c4 b6 4. g3 Ba6 5. b3 Bb4+ 6. Bd2 Be7 7. Bg2 c6 8. O-O
d5 9. Ne5 Nfd7 10. Nxd7 Nxd7 11. cxd5 cxd5 12. Re1 Nf6 13. Nc3 O-O 14. Rc1 Ba3
15. Rc2 Rc8 16. Nb1 Be7 17. Rxc8 Qxc8 18. Nc3 Qd7 19. Qc2 Rc8 20. Qb2 Qd8 21.
Rc1 Qf8 22. Rc2 Ba3 23. Qb1 Rc6 24. Nxd5 Rxc2 25. Nxf6+ gxf6 26. Qxc2 Bxe2 27.
Be3 Bh5 28. Qc7 Qe7 29. Qxe7 Bxe7 30. Be4 Bg6 31. f3 Kf8 32. Kf2 h5 33. h3 Bd6
34. g4 hxg4 35. hxg4 Ke7 36. Bxg6 fxg6 37. Ke2 Kd7 38. Kd3 Kc6 39. a4 a6 40.
Kc3 b5 41. axb5+ Kxb5 42. Kd3 Bc7 43. Bd2 Bb6 44. Bc3 f5 45. gxf5 exf5 46. d5
Bc5 47. f4 Bd6 48. Be5 Kc5 49. b4+ Kxd5 50. Bxd6 Kxd6 51. Kd4 Ke6 52. Kc5 g5
53. fxg5 f4 54. Kd4 Kf5 55. g6 Kxg6 56. Ke4 Kg5 57. Kf3 Kf5 58. Kf2 Ke4 59. Ke2
Kd4 60. Kf3 Kc4 61. Kxf4 Kxb4 62. Ke3 Kc3 63. Ke2 Kc2 0-1

[Event "C.to Provinciale PD-RO"]
[Site "Monselice ITA"]
[Date "2009.01.09"]
[Round "1"]
[White "Xia, Jie"]
[Black "Aliberti, Nicola"]
[Result "1-0"]
[WhiteElo "2239"]
[BlackElo "1717"]
[PlyCount "101"]
[EventDate "2009.01.09"]

1. e4 d6 2. d4 Nf6 3. Nc3 g6 4. f4 Bg7 5. Nf3 O-O 6. Bd3 Nfd7 7. O-O c5 8. d5
b6 9. Qe2 a6 10. a4 Bb7 11. e5 Qc7 12. e6 Nf6 13. exf7+ Rxf7 14. Ng5 Nbd7 15.
Qe6 Raf8 16. Nxf7 Rxf7 17. Bd2 Nf8 18. Qe2 Nxd5 19. Nxd5 Bxd5 20. c3 c4 21. Be4
Qc6 22. Bxd5 Qxd5 23. Be3 Qc6 24. Qf2 b5 25. axb5 Qxb5 26. Rad1 Nd7 27. Kh1 Ne5
28. Qc2 Nd3 29. b3 d5 30. Rb1 Qd7 31. bxc4 dxc4 32. Rb8+ Rf8 33. Rxf8+ Kxf8 34.
Qa2 Qe6 35. Bd4 Bxd4 36. cxd4 Qe4 37. h3 Qxd4 38. f5 Kg7 39. fxg6 hxg6 40. Qxa6
Nf2+ 41. Kh2 Nd3 42. Qc8 Nf4 43. Qc7 Nd5 44. Qb8 Nf6 45. Rf4 Qc5 46. g4 c3 47.
Qb4 Qe5 48. Qd4 Qe1 49. g5 Qd2+ 50. Qxd2 cxd2 51. gxf6+ 1-0

[Event "C.to Provinciale PD-RO"]
[Site "Monselice ITA"]
[Date "2009.01.10"]
[Round "2"]
[White "Aliberti, Nicola"]
[Black "Dal Bianco, Nicola"]
[Result "1-0"]
[WhiteElo "1717"]
[BlackElo "1566"]
[PlyCount "93"]
[EventDate "2009.01.09"]

1. d4 Nf6 2. Nf3 e6 3. c4 b6 4. Nc3 Bb7 5. a3 d6 6. Bg5 Nbd7 7. Qc2 h6 8. Bh4
g5 9. Bg3 Nh5 10. e4 Nxg3 11. hxg3 Qe7 12. Be2 h5 13. Nd2 h4 14. Nb5 Nf6 15.
gxh4 a6 16. Nc3 O-O-O 17. h5 g4 18. O-O-O Rg8 19. g3 Nh7 20. Rh4 f5 21. exf5
exf5 22. Qxf5+ Kb8 23. d5 Bh6 24. Qe6 Qf8 25. Rxg4 Rxg4 26. Qxg4 Qxf2 27. Qf3
Qd4 28. Qd3 Qg7 29. Qg6 Bxd2+ 30. Rxd2 Qe7 31. Qe4 Qf7 32. Bd3 Nf6 33. Qg6 Qf8
34. Rf2 Qe7 35. Qxf6 Qe1+ 36. Nd1 Re8 37. Qf3 Bc8 38. Re2 Rxe2 39. Bxe2 Qg1 40.
g4 Bd7 41. h6 Qh2 42. g5 Qh4 43. Qe3 Kb7 44. g6 Qf6 45. g7 Qf7 46. Bh5 Qg8 47.
Bg6 1-0

[Event "C.to Provinciale PD-RO"]
[Site "Monselice ITA"]
[Date "2009.01.10"]
[Round "2"]
[White "Belloni, Umberto"]
[Black "Fortunato, Lorenzo"]
[Result "1-0"]
[WhiteElo "1878"]
[BlackElo "1443"]
[PlyCount "96"]
[EventDate "2009.01.09"]

1. d4 g6 2. c3 Bg7 3. Bg5 d6 4. e3 Nd7 5. Bd3 Ngf6 6. f4 c5 7. Nf3 Qb6 8. Qd2
O-O 9. Na3 a6 10. O-O Qc7 11. Bh4 b5 12. Rac1 Bb7 13. Bg3 Ne4 14. Bxe4 Bxe4 15.
Nc2 h6 16. Nce1 Rfd8 17. Nd3 c4 18. Nf2 Bb7 19. Qc2 Nf6 20. h3 Bc6 21. e4 Qb7
22. Rce1 e6 23. Bh4 Re8 24. Re3 Nd7 25. Qe2 Bf6 26. Ng4 Bxh4 27. Nxh4 Kg7 28.
f5 g5 29. Nf3 f6 30. fxe6 Nf8 31. d5 Bxd5 32. exd5 Qxd5 33. Nd4 Nh7 34. Rf5 Qb7
35. Qf2 Qe7 36. Rxg5+ Kf8 37. Nxh6 Nxg5 38. Nhf5 Qh7 39. Nxd6 Qg7 40. Nxe8 Rxe8
41. Qg3 Qh7 42. Qf4 Qe7 43. h4 Nf7 44. Nf5 Qc5 45. exf7 Rxe3 46. Nxe3 Kxf7 47.
Kh2 a5 48. Ng4 Qc6 1-0

[Event "C.to Provinciale PD-RO"]
[Site "Monselice ITA"]
[Date "2009.01.10"]
[Round "2"]
[White "Bena', Ermanno"]
[Black "Calicchia, Giovanni"]
[Result "1-0"]
[WhiteElo "1756"]
[BlackElo "1934"]
[PlyCount "77"]
[EventDate "2009.01.09"]

1. c4 Nf6 2. Nc3 e6 3. Nf3 d5 4. cxd5 exd5 5. d4 c6 6. g3 Bd6 7. Bg2 O-O 8. O-O
Nbd7 9. Re1 Re8 10. a3 a5 11. b3 Qe7 12. Nd2 Ne4 13. Ndxe4 dxe4 14. Nxe4 Nf6
15. Bg5 Bf5 16. Nxd6 Qxd6 17. Bxf6 Qxf6 18. e3 Qg6 19. Qd2 Bc2 20. Qc3 a4 21.
b4 Bb3 22. Bf1 Bd5 23. Bg2 Bb3 24. Rac1 Rad8 25. e4 Qd6 26. d5 cxd5 27. exd5
Rxe1+ 28. Rxe1 Bxd5 29. Rd1 Qc6 30. Qd4 Rc8 31. Bxd5 Qc3 32. Bxb7 Qxd4 33. Rxd4
Rc1+ 34. Kg2 h5 35. Rd3 Rb1 36. Bc6 Rb3 37. Re3 Rb2 38. h4 Rc2 39. Re8+ 1-0

[Event "C.to Provinciale PD-RO"]
[Site "Monselice ITA"]
[Date "2009.01.10"]
[Round "2"]
[White "Fragni, Enrico"]
[Black "Xia, Jie"]
[Result "0-1"]
[WhiteElo "1769"]
[BlackElo "2239"]
[PlyCount "80"]
[EventDate "2009.01.09"]

1. b3 e5 2. Bb2 Nc6 3. e3 Nf6 4. Ne2 d5 5. d4 Bd6 6. dxe5 Nxe5 7. h3 O-O 8. Ng3
Qe7 9. Be2 Ng6 10. Qd2 Rd8 11. O-O Ne4 12. Nxe4 dxe4 13. Qe1 Nh4 14. f4 exf3
15. Bxf3 Qg5 16. Kh1 Nf5 17. e4 Ng3+ 18. Kg1 Nxf1 19. Kxf1 Be5 20. c3 b6 21.
Bc1 Qf6 22. Bd2 Bxh3 23. Qe3 Be6 24. Qg5 Qxg5 25. Bxg5 f6 26. Be3 a5 27. Be2 a4
28. b4 g6 29. a3 h5 30. Kf2 Kg7 31. g3 Bb3 32. Kf3 g5 33. Nd2 Bxc3 34. Nxb3
axb3 35. Rc1 b2 36. Rxc3 b1=Q 37. Rxc7+ Kg6 38. Bc4 Rxa3 39. Bf7+ Kh6 40. Bc4
Qc1 0-1

[Event "C.to Provinciale PD-RO"]
[Site "Monselice ITA"]
[Date "2009.01.10"]
[Round "2"]
[White "Meggiorin, Orlando"]
[Black "De Marchi, Alessandro"]
[Result "1/2-1/2"]
[WhiteElo "1499"]
[BlackElo "1687"]
[PlyCount "65"]
[EventDate "2009.01.09"]

1. e4 c5 2. Nf3 d6 3. Bc4 e6 4. c3 Qc7 5. d3 Nc6 6. Be3 a6 7. a4 Nf6 8. Nbd2
Be7 9. O-O O-O 10. h3 Rb8 11. Qc2 b5 12. axb5 axb5 13. Bb3 Na5 14. Ra3 Nxb3 15.
Rxb3 c4 16. dxc4 bxc4 17. Rxb8 Qxb8 18. Nxc4 Ba6 19. Qa4 Bxc4 20. Qxc4 Qxb2 21.
Nd2 Qb8 22. Rb1 Qc8 23. Qxc8 Rxc8 24. Rb7 Kf8 25. c4 h6 26. Kf1 Ke8 27. Ke2 Nd7
28. f4 e5 29. g3 exf4 30. gxf4 g5 31. Rb5 f6 32. fxg5 hxg5 33. Bd4 1/2-1/2

[Event "C.to Provinciale PD-RO"]
[Site "Monselice ITA"]
[Date "2009.01.10"]
[Round "2"]
[White "Temporin, Alberto"]
[Black "Schoonhoven, Edger"]
[Result "1/2-1/2"]
[WhiteElo "2005"]
[BlackElo "1518"]
[PlyCount "79"]
[EventDate "2009.01.09"]

1. e4 c5 2. Nf3 e6 3. Nc3 Nc6 4. Bc4 a6 5. a4 Nf6 6. d3 d5 7. exd5 exd5 8. Ba2
h6 9. h3 Be6 10. Bf4 Bd6 11. Bxd6 Qxd6 12. O-O O-O 13. Ne2 Nb4 14. Bb3 b5 15.
c3 Nxd3 16. Qxd3 c4 17. Qd1 cxb3 18. Ned4 b4 19. Qxb3 bxc3 20. Qxc3 Rfc8 21.
Qa3 Qxa3 22. Rxa3 Rab8 23. Ra2 Ne4 24. Re1 Rb4 25. b3 Rc3 26. Raa1 g5 27. Rac1
Rd3 28. Red1 Rxd1+ 29. Rxd1 h5 30. Ne5 g4 31. hxg4 hxg4 32. Rd3 Nc5 33. Rd1
Nxb3 34. Nxe6 fxe6 35. Rb1 Re4 36. Nd7 Nd2 37. Rb8+ Kf7 38. Rb7 Kg6 39. Nc5
Re1+ 40. Kh2 1/2-1/2

[Event "C.to Provinciale PD-RO"]
[Site "Monselice ITA"]
[Date "2009.01.10"]
[Round "2"]
[White "Zanini, Andrea"]
[Black "Rosina, Graziano"]
[Result "1/2-1/2"]
[WhiteElo "1674"]
[BlackElo "1805"]
[PlyCount "41"]
[EventDate "2009.01.09"]

1. Nf3 Nf6 2. d4 d5 3. e3 Bf5 4. Bd3 Bg4 5. Nbd2 e6 6. O-O c5 7. c3 Bd6 8. Re1
Qc7 9. h3 Bh5 10. e4 dxe4 11. Nxe4 Nxe4 12. Rxe4 Bg6 13. Re1 O-O 14. Bxg6 hxg6
15. dxc5 Bxc5 16. Qb3 Nd7 17. Bg5 Nf6 18. Rad1 Rad8 19. Re2 Rxd1+ 20. Qxd1 Rd8
21. Qc2 1/2-1/2

[Event "C.to Provinciale PD-RO"]
[Site "Monselice ITA"]
[Date "2009.01.10"]
[Round "2"]
[White "Zanirato, Stefano"]
[Black "Viaggi, Stefano"]
[Result "1-0"]
[WhiteElo "1982"]
[BlackElo "1900"]
[PlyCount "74"]
[EventDate "2009.01.09"]

1. e4 d5 2. exd5 Qxd5 3. Nf3 Bg4 4. Be2 Nf6 5. d4 e6 6. Bf4 Bd6 7. Bxd6 Qxd6 8.
c3 O-O 9. O-O c5 10. Nbd2 Nbd7 11. Nc4 Qf4 12. dxc5 Bxf3 13. gxf3 Nxc5 14. Qd6
Qxd6 15. Nxd6 Rad8 16. Rfd1 Nd5 17. Ne4 Nxe4 18. fxe4 Nf4 19. Kf1 e5 20. Rxd8
Rxd8 21. Rd1 Rxd1+ 22. Bxd1 Kf8 23. Bc2 Ke7 24. f3 g5 25. Kf2 h5 26. Ke3 Kd6
27. b4 f6 28. a4 b6 29. Bb3 Ng6 30. Bf7 Nf4 31. Kd2 h4 32. Kc2 Ng2 33. Bh5 Ne3+
34. Kd3 Nf1 35. Ke2 Nxh2 36. Kf2 f5 37. exf5 g4 1-0

[Event "C.to Provinciale PD-RO"]
[Site "Monselice ITA"]
[Date "2009.01.10"]
[Round "3"]
[White "Calicchia, Giovanni"]
[Black "Aliberti, Nicola"]
[Result "1-0"]
[WhiteElo "1934"]
[BlackElo "1717"]
[PlyCount "65"]
[EventDate "2009.01.09"]

1. e4 d6 2. d4 Nf6 3. Nc3 g6 4. h3 Bg7 5. Be3 O-O 6. Qd2 Re8 7. O-O-O b6 8. g4
a5 9. Nge2 Bb7 10. Ng3 c6 11. g5 Nfd7 12. Bg2 b5 13. f4 Nb6 14. b3 a4 15. e5
Qc7 16. Kb1 axb3 17. cxb3 N8d7 18. Rc1 Qb8 19. Rh2 Qa7 20. h4 b4 21. Nce4 Nd5
22. Bf3 dxe5 23. fxe5 Bxe5 24. dxe5 Qxe3 25. Qxe3 Nxe3 26. Nc5 Nxc5 27. Rxc5
Red8 28. h5 Rd3 29. hxg6 hxg6 30. Rc1 Nd5 31. Bxd5 Rxd5 32. Rch1 f5 33. e6 1-0

[Event "C.to Provinciale PD-RO"]
[Site "Monselice ITA"]
[Date "2009.01.10"]
[Round "3"]
[White "Fortunato, Lorenzo"]
[Black "Fragni, Enrico"]
[Result "1-0"]
[WhiteElo "1443"]
[BlackElo "1769"]
[PlyCount "41"]
[EventDate "2009.01.09"]

1. e4 c6 2. c4 e5 3. Nf3 d6 4. d4 Bg4 5. dxe5 Bxf3 6. gxf3 Qa5+ 7. Nc3 dxe5 8.
Bh3 Nf6 9. Bg5 Bb4 10. Qd2 Nbd7 11. O-O-O O-O-O 12. Bxf6 gxf6 13. Bxd7+ Kb8 14.
Qc2 Bxc3 15. bxc3 Kc7 16. Bf5 Rd6 17. Rxd6 Qa3+ 18. Qb2 Qxd6 19. Rd1 Qxd1+ 20.
Kxd1 Rd8+ 21. Ke2 1-0

[Event "C.to Provinciale PD-RO"]
[Site "Monselice ITA"]
[Date "2009.01.10"]
[Round "3"]
[White "Schoonhoven, Edger"]
[Black "Zanirato, Stefano"]
[Result "1-0"]
[WhiteElo "1518"]
[BlackElo "1982"]
[PlyCount "63"]
[EventDate "2009.01.09"]

1. d4 Nf6 2. c4 e5 3. dxe5 Ng4 4. Nh3 Nxe5 5. e3 Bc5 6. Nc3 d6 7. Nf4 c6 8. Be2
Bf5 9. O-O g5 10. Nh5 Bg6 11. Nf6+ Kf8 12. Nh5 Bxh5 13. Bxh5 Nxc4 14. Kh1 Qe7
15. b3 Bb4 16. Ne2 Ne5 17. Bb2 Rg8 18. f4 Ng6 19. Bxg6 hxg6 20. Qd3 Na6 21.
fxg5 Bc5 22. Nf4 Ke8 23. Rfe1 Nb4 24. Qd2 Qe4 25. Qf2 Kd7 26. a3 Nc2 27. Re2
Nxa3 28. Nd3 Nb5 29. Qxf7+ Qe7 30. Nxc5+ dxc5 31. Rd2+ Nd6 32. Rxd6+ 1-0

[Event "C.to Provinciale PD-RO"]
[Site "Monselice ITA"]
[Date "2009.01.10"]
[Round "3"]
[White "Temporin, Alberto"]
[Black "Bena', Ermanno"]
[Result "1-0"]
[WhiteElo "2005"]
[BlackElo "1756"]
[PlyCount "31"]
[EventDate "2009.01.09"]

1. e4 e6 2. Nf3 d5 3. exd5 exd5 4. d4 Bd6 5. Bd3 Bg4 6. O-O Ne7 7. Re1 O-O 8.
Bxh7+ Kh8 9. Bd3 c6 10. Bg5 f6 11. Bf4 g5 12. Bg3 Kg7 13. Bxd6 Qxd6 14. h3 Bxf3
15. Qxf3 Nd7 16. Qg3 1-0

[Event "C.to Provinciale PD-RO"]
[Site "Monselice ITA"]
[Date "2009.01.10"]
[Round "3"]
[White "Viaggi, Stefano"]
[Black "De Marchi, Alessandro"]
[Result "1-0"]
[WhiteElo "1900"]
[BlackElo "1687"]
[PlyCount "79"]
[EventDate "2009.01.09"]

1. d4 Nf6 2. Nf3 b6 3. e3 Bb7 4. Bd3 e6 5. Nbd2 d5 6. b3 c5 7. Bb2 Nc6 8. Ne5
a6 9. f4 cxd4 10. exd4 Nb4 11. Be2 Rc8 12. c3 Nc6 13. O-O Be7 14. Bd3 b5 15.
Qe2 Qb6 16. b4 h5 17. a4 Na7 18. f5 exf5 19. Bxf5 Rc7 20. Rad1 bxa4 21. Nd7 Qd6
22. Nxf6+ gxf6 23. Rf3 Bc8 24. Bxc8 Nxc8 25. Rh3 h4 26. Qg4 f5 27. Qxf5 Rg8 28.
Nf3 Kf8 29. Nxh4 Bxh4 30. Rxh4 Qg6 31. Qf3 a3 32. Bxa3 Rxc3 33. b5+ Rxa3 34.
Qxa3+ Nd6 35. g3 axb5 36. Qa8+ Kg7 37. Qxd5 Nf5 38. Qe5+ f6 39. Qc7+ Qf7 40.
Rh7+ 1-0

[Event "C.to Provinciale PD-RO"]
[Site "Monselice ITA"]
[Date "2009.01.10"]
[Round "3"]
[White "Xia, Jie"]
[Black "Belloni, Umberto"]
[Result "1-0"]
[WhiteElo "2239"]
[BlackElo "1878"]
[PlyCount "87"]
[EventDate "2009.01.09"]

1. e4 e6 2. d3 c6 3. Nf3 d5 4. Qe2 Qc7 5. g3 dxe4 6. dxe4 Bc5 7. Bg2 Nd7 8. O-O
Ngf6 9. e5 Ng4 10. Bf4 Qb6 11. b3 O-O 12. h3 Nxf2 13. Rxf2 Bxf2+ 14. Qxf2 Qxf2+
15. Kxf2 f6 16. Ke2 fxe5 17. Nxe5 Nxe5 18. Bxe5 Bd7 19. Nd2 Rf5 20. Bf4 e5 21.
Be3 Be6 22. Ne4 Bd5 23. c4 Bxe4 24. Bxe4 Rf7 25. b4 a6 26. a4 g6 27. a5 Rc7 28.
Rd1 Rac8 29. Rd6 Kf7 30. Bf3 Re8 31. Bb6 Rcc8 32. Bg4 Ra8 33. h4 Rab8 34. Ke3
Ra8 35. Ke4 Rab8 36. h5 Ra8 37. hxg6+ hxg6 38. Rd7+ Re7 39. Rxe7+ Kxe7 40. Kxe5
Re8 41. Bc5+ Kf7+ 42. Kd6 Re4 43. Bd7 Rxc4 44. Be6+ 1-0

[Event "C.to Provinciale PD-RO"]
[Site "Monselice ITA"]
[Date "2009.01.11"]
[Round "4"]
[White "Aliberti, Nicola"]
[Black "Meggiorin, Orlando"]
[Result "1-0"]
[WhiteElo "1717"]
[BlackElo "1499"]
[PlyCount "48"]
[EventDate "2009.01.09"]

1. d4 Nf6 2. c4 e6 3. a3 b6 4. Nc3 Bb7 5. Nf3 Be7 6. Bf4 d6 7. b4 Nbd7 8. e3
O-O 9. Be2 Ne4 10. Qc2 f5 11. O-O g5 12. Bg3 Nxc3 13. Qxc3 f4 14. exf4 gxf4 15.
c5 c6 16. cxd6 Bxd6 17. Bh4 Be7 18. Bxe7 Qxe7 19. Bc4 Rf6 20. Rfe1 Kf7 21. Ng5+
Kg6 22. Nxe6 Qd6 23. Qd3+ Kh6 24. Qh3+ Kg6 1-0

[Event "C.to Provinciale PD-RO"]
[Site "Monselice ITA"]
[Date "2009.01.11"]
[Round "4"]
[White "Belloni, Umberto"]
[Black "Temporin, Alberto"]
[Result "0-1"]
[WhiteElo "1878"]
[BlackElo "2005"]
[PlyCount "200"]
[EventDate "2009.01.09"]

1. e4 e5 2. Nf3 d6 3. Bc4 Nc6 4. h3 Nf6 5. Qe2 Be7 6. d3 O-O 7. Bg5 Na5 8. Bb3
Nxb3 9. axb3 a6 10. c4 h6 11. Bxf6 Bxf6 12. Nc3 c6 13. Qe3 Be6 14. g4 Bh4 15.
Ke2 Bg5 16. Nxg5 hxg5 17. f3 d5 18. Qf2 d4 19. Nb1 b5 20. Nd2 f6 21. h4 gxh4
22. Qxh4 Kf7 23. Qh5+ Ke7 24. Qg6 Rg8 25. Rh7 Qf8 26. g5 Kd6 27. Qh5 fxg5 28.
Qxg5 Qf6 29. Rg1 Qxg5 30. Rxg5 g6 31. Rh6 Bf7 32. Rh7 Raf8 33. Rg1 Rh8 34. Rgh1
Rxh7 35. Rxh7 Ke6 36. Rh4 Be8 37. b4 Bf7 38. c5 Ra8 39. Nb3 Rg8 40. Na5 Be8 41.
Kf2 Kf7 42. f4 g5 43. fxg5 Rxg5 44. Nb7 Kg7 45. Rh2 Rg4 46. Rg2 Rxg2+ 47. Kxg2
Kg6 48. Kg3 Kg5 49. Nd6 Bh5 50. Kf2 Kf4 51. Nf5 Bg6 52. Ng3 Bf7 53. Ne2+ Kg4
54. Nc1 Kh4 55. Ke2 Kg3 56. Kd2 Bh5 57. Nb3 Kf3 58. Na5 Be8 59. Nb3 Bg6 60. Na5
Be8 61. Nb3 Kg4 62. Na5 Kg5 63. Nb7 Kf6 64. Na5 Ke7 65. Nb3 Bf7 66. Nc1 Kd7 67.
Ne2 Kc7 68. Ng1 Bh5 69. Nh3 Kb7 70. Nf2 a5 71. Kc2 Ka6 72. Kb3 Bf7+ 73. Ka3 Bh5
74. bxa5 Kxa5 75. b4+ Ka6 76. Kb2 Kb7 77. Kc2 Kc7 78. Nh1 Kd7 79. Ng3 Bg4 80.
Nf1 Ke7 81. Nd2 Be6 82. Kd1 Kf6 83. Ke2 Kg5 84. Nb1 Kf4 85. Kd2 Kf3 86. Na3 Ba2
87. Nc2 Be6 88. Na1 Bf7 89. Nc2 Bg6 90. Ne1+ Kf4 91. Ng2+ Kg4 92. Ne1 Bh7 93.
Ng2 Bg8 94. Ne1 Bb3 95. Ke2 Ba2 96. Kf2 Bb3 97. Ke2 Kg3 98. Kf1 Bd1 99. Kg1 Be2
100. Kh1 Kf2 0-1

[Event "C.to Provinciale PD-RO"]
[Site "Monselice ITA"]
[Date "2009.01.11"]
[Round "4"]
[White "Bena', Ermanno"]
[Black "Rosina, Graziano"]
[Result "0-1"]
[WhiteElo "1756"]
[BlackElo "1805"]
[PlyCount "60"]
[EventDate "2009.01.09"]

1. c4 c5 2. Nf3 Nf6 3. g3 d5 4. cxd5 Nxd5 5. Nc3 Nc6 6. Bg2 Nc7 7. O-O e5 8. d3
Be7 9. b3 O-O 10. Ba3 f6 11. Nd2 Nb4 12. Nc4 Rb8 13. Ne3 Be6 14. Bb2 b6 15. f4
exf4 16. Rxf4 Bd6 17. Rf1 Be5 18. a3 Nbd5 19. Ncxd5 Nxd5 20. Bxe5 Nxe3 21. Qc1
Nxf1 22. Bxb8 Qxb8 23. Kxf1 Bxb3 24. Rb1 Be6 25. a4 Rc8 26. Qb2 c4 27. dxc4
Bxc4 28. Qb4 Qe5 29. Bf3 Qf5 30. Rd1 Qxf3+ 0-1

[Event "C.to Provinciale PD-RO"]
[Site "Monselice ITA"]
[Date "2009.01.11"]
[Round "4"]
[White "Fragni, Enrico"]
[Black "Dal Bianco, Nicola"]
[Result "1-0"]
[WhiteElo "1769"]
[BlackElo "1566"]
[PlyCount "113"]
[EventDate "2009.01.09"]

1. d4 Nf6 2. c4 e6 3. Nc3 Bb4 4. Nf3 Ne4 5. Bd2 Nxc3 6. bxc3 Be7 7. e4 b6 8.
Bd3 O-O 9. Qc2 d6 10. h4 Bb7 11. g4 f5 12. gxf5 exf5 13. Ng5 Bxg5 14. Bxg5 Qe8
15. f3 fxe4 16. fxe4 Qh5 17. Qe2 Qxe2+ 18. Kxe2 h6 19. Be3 Nd7 20. Rhg1 Rf6 21.
Rg4 Re8 22. Rag1 Re7 23. h5 a6 24. Rg6 Rxg6 25. Rxg6 Bxe4 26. Bxe4 Rxe4 27. Kd3
Nf6 28. Bxh6 Rg4 29. Rxg4 Nxg4 30. Bg5 Nf6 31. h6 Ne8 32. hxg7 Kxg7 33. Ke4 c6
34. a4 Kf7 35. Bd8 Nf6+ 36. Kf5 Nd7 37. Bg5 d5 38. cxd5 cxd5 39. Bd8 b5 40.
axb5 axb5 41. Bh4 Nb6 42. Ke5 Na4 43. Be1 Nb6 44. Kd6 Nc4+ 45. Kxd5 Nb2 46. Bd2
Na4 47. Kc6 Nb2 48. Kxb5 Ke6 49. c4 Nd3 50. Kc6 Nb2 51. d5+ Ke7 52. c5 Nc4 53.
Bg5+ Ke8 54. Kc7 Ne5 55. c6 Nf7 56. Bf6 Nh6 57. d6 1-0

[Event "C.to Provinciale PD-RO"]
[Site "Monselice ITA"]
[Date "2009.01.11"]
[Round "4"]
[White "Schoonhoven, Edger"]
[Black "Xia, Jie"]
[Result "1/2-1/2"]
[WhiteElo "1518"]
[BlackElo "2239"]
[PlyCount "36"]
[EventDate "2009.01.09"]

1. d4 Nf6 2. c4 g6 3. Nc3 Bg7 4. e4 d6 5. Nf3 O-O 6. Be2 c6 7. O-O a6 8. Re1 b5
9. a3 Nfd7 10. Be3 bxc4 11. Bxc4 Nb6 12. Bf1 a5 13. h3 Ba6 14. Bxa6 Nxa6 15.
Qc2 Qc8 16. Rac1 Qb7 17. e5 d5 18. Nd2 Rfb8 1/2-1/2

[Event "C.to Provinciale PD-RO"]
[Site "Monselice ITA"]
[Date "2009.01.11"]
[Round "4"]
[White "Viaggi, Stefano"]
[Black "Calicchia, Giovanni"]
[Result "1-0"]
[WhiteElo "1900"]
[BlackElo "1934"]
[PlyCount "41"]
[EventDate "2009.01.09"]

1. d4 Nf6 2. Nf3 d5 3. e3 Nbd7 4. Bd3 e6 5. Nbd2 c5 6. b3 Qc7 7. Bb2 Bd6 8. Qe2
O-O 9. g4 e5 10. g5 e4 11. gxf6 exd3 12. Qxd3 Re8 13. fxg7 Nf6 14. dxc5 Be7 15.
Ng5 Ne4 16. Ndxe4 dxe4 17. Qxe4 Qa5+ 18. b4 Bf5 19. Qxf5 Qxb4+ 20. c3 Qh4 21.
Qxf7# 1-0

[Event "C.to Provinciale PD-RO"]
[Site "Monselice ITA"]
[Date "2009.01.11"]
[Round "4"]
[White "Zanirato, Stefano"]
[Black "Fortunato, Lorenzo"]
[Result "1-0"]
[WhiteElo "1982"]
[BlackElo "1443"]
[PlyCount "48"]
[EventDate "2009.01.09"]

1. e4 g6 2. d4 Bg7 3. Nc3 d6 4. Nf3 a6 5. a4 b6 6. Bc4 e6 7. Bg5 Ne7 8. Qd2 Nd7
9. Bh6 O-O 10. Bxg7 Kxg7 11. h4 h5 12. Ng5 Nf6 13. Qf4 Nh7 14. e5 d5 15. Bd3
Nxg5 16. hxg5 Nf5 17. Bxf5 exf5 18. f3 Be6 19. Kf2 Qe7 20. Rh4 Qb4 21. Rah1
Qxb2 22. Ne2 c5 23. g4 fxg4 24. Qf6+ Kg8 1-0

[Event "C.to Provinciale PD-RO"]
[Site "Monselice ITA"]
[Date "2009.01.11"]
[Round "5"]
[White "Dal Bianco, Nicola"]
[Black "Calicchia, Giovanni"]
[Result "1-0"]
[WhiteElo "1566"]
[BlackElo "1934"]
[PlyCount "127"]
[EventDate "2009.01.09"]

1. c4 Nf6 2. Nc3 e6 3. e4 Nc6 4. d4 d6 5. Bg5 Be7 6. Nf3 b6 7. Bd3 Bb7 8. d5
exd5 9. exd5 Ne5 10. Nxe5 dxe5 11. Bxf6 Bxf6 12. Qa4+ Qd7 13. Qxd7+ Kxd7 14.
Ne4 Be7 15. Nc3 g6 16. O-O f5 17. Bc2 Rad8 18. a3 Bf6 19. Rab1 a6 20. Rfd1 Kc8
21. a4 e4 22. Na2 Be5 23. b4 Rd6 24. Bb3 c5 25. bxc5 bxc5 26. a5 Kc7 27. Ba4
Rb8 28. Rb3 Bc8 29. Rdb1 Rxb3 30. Rxb3 Bd7 31. Bxd7 Rxd7 32. Nc3 Rd8 33. Na4
Bd4 34. Kf1 g5 35. Rh3 Rd7 36. Nb6 Rf7 37. Rh6 Bf6 38. Ke2 f4 39. g3 f3+ 40.
Ke3 Bd4+ 41. Kxe4 Bxf2 42. d6+ Kd8 43. Re6 Bd4 44. Re7 Rxe7+ 45. dxe7+ Kxe7 46.
Nd5+ Kf7 47. Kxf3 Kg6 48. g4 h5 49. h3 hxg4+ 50. hxg4 Kf7 51. Ke4 Kg6 52. Nc7
Bc3 53. Nxa6 Bxa5 54. Nxc5 Kf6 55. Kd5 Ke7 56. Ne4 Kf7 57. Nxg5+ Kg6 58. Ne4
Kf7 59. c5 Kg6 60. Kd6 Bb4 61. Kd5 Ba5 62. c6 Bc7 63. Ke6 Bh2 64. Nd6 1-0